Владимир Галатенко (Запись № 861210)

Подробности
000 -МАРКЕР
контрольное поле 01565nam0a2200349 4500
001 - ИДЕНТИФИКАТОР ЗАПИСИ
контрольное поле RU\NLR\bibl\112436
005 - ИДЕНТИФИКАТОР ВЕРСИИ
контрольное поле 20250615175448.0
010 ## - МЕЖДУНАРОДНЫЙ СТАНДАРТНЫЙ НОМЕР КНИГИ (ISBN)
Номер (ISBN) 5-97545-057-0
Тираж 2000
021 ## - НОМЕР ГОСУДАРСТВЕННОЙ РЕГИСТРАЦИИ
Код страны Российская Федерация
Номер 2000-440и
Номер Листа государственной регистраци 36и
035 ## - ДРУГИЕ СИСТЕМНЫЕ НОМЕРА
Идентификатор записи (NLR Aleph) 001341081
100 ## - ДАННЫЕ ОБЩЕЙ ОБРАБОТКИ
Данные общей обработки 20001011d2000 |||y0rusy50 ca
101 0# - ЯЗЫК РЕСУРСА
Язык текста, звукозаписи и т.д. русский
-- немецкий
102 ## - СТРАНА ПУБЛИКАЦИИ ИЛИ ПРОИЗВОДСТВА
Страна публикации Российская Федерация
105 ## - ПОЛЕ КОДИРОВАННЫХ ДАННЫХ: ТЕКСТОВЫЕ МАТЕРИАЛЫ, МОНОГРАФИЧЕСКИЕ
Кодированные данные о монографическом текстовом документе a |||||||||
200 1# - ЗАГЛАВИЕ И СВЕДЕНИЯ ОБ ОТВЕТСТВЕННОСТИ
Основное заглавие Владимир Галатенко
Параллельное заглавие Wladimir Galatenko
Сведения, относящиеся к заглавию [Живопись, графика, ил.
-- Альбом
Первые сведения об ответственности Сост. Вильям Леонидович Мейланд
Последующие сведения об ответственности Авт. ст. Вильям Мейланд, Тамара Казавчинская]
Язык параллельного заглавия немецкий
210 ## - ПУБЛИКАЦИЯ, РАСПРОСТРАНЕНИЕ И ДР.
Место издания, распространения и т.д. М.
Имя издателя, распространителя и т. д. Гос.-обществ. фонд "Рос. немцы"
Дата издания, распространения и т.д. 2000
215 ## - ФИЗИЧЕСКАЯ ХАРАКТЕРИСТИКА
Специфическое обозначение материала и объем [80] с.
Другие сведения о физической характеристике ил., цв. ил., факс.
Размеры 28
300 ## - ОБЩИЕ ПРИМЕЧАНИЯ
Текст примечания Текст парал. на рус. и нем. яз.
510 1# - ПАРАЛЛЕЛЬНОЕ ЗАГЛАВИЕ
Связь между полями z17790
Параллельное заглавие Wladimir Galatenko
Язык заглавия немецкий
600 #1 - ИМЯ ЛИЦА КАК ПРЕДМЕТ
Начальный элемент ввода Галатенко
Часть имени, кроме начального элемента ввода В. И.
Даты 1949 - 2021
Расширение инициалов личного имени Владимир Иванович
Формальный подзаголовок Альбомы
Системный номер авторитетной/нормативной записи 2188221
Идентификатор авторитетной/нормативной записи RU\NLR\auth\661315549
686 ## - ИНДЕКСЫ ДРУГИХ КЛАССИФИКАЦИЙ
Индекс Щ143(2Р=Нем)7-8Галатенко
700 #1 - ИМЯ ЛИЦА - ПЕРВИЧНАЯ ОТВЕТСТВЕННОСТЬ
Код отношения Автор
Графика поля Кириллица
Материалы, к которым относится поле rus
Начальный элемент ввода Галатенко
Часть имени, кроме начального элемента ввода В. И.
Даты 1949-2021
Расширение инициалов личного имени Владимир Иванович
Системный номер авторитетной/нормативной записи 266998
Идентификатор авторитетной/нормативной записи RU\NLR\AUTH\770267054
702 #1 - ИМЯ ЛИЦА - ВТОРИЧНАЯ ОТВЕТСТВЕННОСТЬ
Начальный элемент ввода Мейланд
Часть имени, кроме начального элемента ввода В. Л.
Расширение инициалов личного имени Вильям Леонидович
Код отношения Составитель
790 #1 - ИМЯ ЛИЦА - АЛЬТЕРНАТИВНАЯ ФОРМА
Связь между полями z17510
Начальный элемент ввода Galatenko
Часть имени, кроме начального элемента ввода V.
Расширение инициалов личного имени Vladimir
Код отношения Автор
801 #0 - ИСТОЧНИК ЗАПИСИ
Страна Российская Федерация
Организация NLR
Дата составления 20001011
Правила каталогизации PSBO
801 #1 - ИСТОЧНИК ЗАПИСИ
Страна Российская Федерация
Организация NLR
Дата составления 20001011
852 ## - МЕСТОНАХОЖДЕНИЕ И ШИФР ХРАНЕНИЯ
Идентификатор организации NLR
Наименование фонда или коллекции (Sub-Location Identifier) Э
Шифр хранения (Call Number) АлИс590/2-Г151
942 ## - ДОПОЛНИТЕЛЬНЫЕ ЭЛЕМЕНТЫ ЗАПИСИ (АБИС)
Тип экземпляра АБИС Книга
980 ## - КОЛЛЕКЦИЯ
Название коллекции Национальная библиография
Экземпляры
Тип экземпляра Дата поступления Источник поступления Библиотека постоянного хранения Библиотека текущего хранения Место хранения Шифр хранения Штрих-код Статус экземпляра Стоимость
Книга 11.10.2000 Обязательный экземпляр РНБ (Садовая) РНБ (Садовая) Фонд эстампов и фотографий (изоизданий) Э АлИс590/2-Г151 72292    
Книга 11.10.2000 Обязательный экземпляр РНБ (Садовая) РНБ (Садовая) Фонд эстампов и фотографий (изоизданий) Э АлИс590/2-Г151 72293    
Книга 21.09.2015 Дар РНБ (Садовая) РНБ (Садовая) Фонд международного книгообмена   1-988038 Готов к отправке заказом МКО 300.00